Word Chains - Statistics

General Stats
  • This quiz has been taken 222 times
  • The average score is 6 of 17
Answer Stats
Hint Answer % Correct
Basket B___ Ball
99%
G___ Game
74%
N____ Night
59%
T___ Time
58%
O__ Out
54%
H____ House
52%
K__ Key
45%
P__ Pad
26%
J__ Jaw
23%
L___ Lock
23%
L___ Line
22%
D____ Dance
16%
F____ Floor
12%
M___ Mate
12%
R___ Room
12%
B____ Board
11%
M______ Meeting
9%
No matching quizzes found
Score Distribution
Percent of People with Each Score
Percentile by Number Answered
Your Score History
You have not taken this quiz